Detalles MARC
| 000 -LEADER |
| fixed length control field |
01593cam a2200409 i 4500 |
| 001 - CONTROL NUMBER |
| control field |
41679 |
| 003 - CONTROL NUMBER IDENTIFIER |
| control field |
Mx-PuUPA |
| 005 - DATE AND TIME OF LATEST TRANSACTION |
| control field |
20250327163208.0 |
| 008 - FIXED-LENGTH DATA ELEMENTS--GENERAL INFORMATION |
| fixed length control field |
140415s2004 sp a gr 001 0 spa d |
| 017 ## - COPYRIGHT OR LEGAL DEPOSIT NUMBER |
| Copyright or legal deposit number |
M 41.632-2004 |
| 020 ## - INTERNATIONAL STANDARD BOOK NUMBER |
| International Standard Book Number |
8482398725 |
| 040 ## - CATALOGING SOURCE |
| Transcribing agency |
Mx-PuUPA |
| Original cataloging agency |
Mx-PuUPA |
| Language of cataloging |
spa |
| Modifying agency |
Mx-PuUPA |
| Description conventions |
rda |
| 041 1# - LANGUAGE CODE |
| Language code of text/sound track or separate title |
spa |
| Language code of original |
eng |
| 100 1# - MAIN ENTRY--PERSONAL NAME |
| 9 (RLIN) |
16874 |
| Personal name |
Welborn, Amy, |
| Relator term |
autor |
| 240 10 - UNIFORM TITLE |
| Uniform title |
De-coding Da Vinci. The facts behind the fiction The Da Vinci Code. |
| Language of a work |
Español. |
| 245 10 - TITLE STATEMENT |
| Title |
Descodificando a Da Vinci : |
| Remainder of title |
los hechos reales ocultos en El Código Da Vinci / |
| Statement of responsibility, etc. |
Amy Welborn ; traducción, Mercedes Villar |
| 250 ## - EDITION STATEMENT |
| Edition statement |
2.a edición / |
| Remainder of edition statement |
octubre |
| 264 #1 - PRODUCTION, PUBLICATION, DISTRIBUTION, MANUFACTURE, AND COPYRIGHT NOTICE |
| Place of production, publication, distribution, manufacture |
Madrid, España : |
| Name of producer, publisher, distributor, manufacturer |
Ediciones Palabra, |
| Date of production, publication, distribution, manufacture, or copyright notice |
2004 |
| 300 ## - PHYSICAL DESCRIPTION |
| Extent |
141 páginas : |
| Other physical details |
ilustraciones ; |
| Dimensions |
22 cm |
| 336 ## - CONTENT TYPE |
| Fuente |
rdacontent |
| Content type term |
texto |
| Content type code |
txt |
| 337 ## - MEDIA TYPE |
| Source |
rdamedia |
| Media type term |
sin medio |
| Media type code |
n |
| 338 ## - CARRIER TYPE |
| Source |
rdacarrier |
| Carrier type term |
volumen |
| Carrier type code |
nc |
| 490 0# - SERIES STATEMENT |
| Series statement |
Palabra Hoy |
| 600 14 - SUBJECT ADDED ENTRY--PERSONAL NAME |
| Personal name |
Brown, Dan, 1964 |
| Title of a work |
El código Da Vinci |
| 650 #7 - SUBJECT ADDED ENTRY--TOPICAL TERM |
| Source of heading or term |
armarc |
| Topical term or geographic name entry element |
Jesucristo en la literatura |
| 650 #7 - SUBJECT ADDED ENTRY--TOPICAL TERM |
| Source of heading or term |
armarc |
| Topical term or geographic name entry element |
María Magdalena, Santa en la literatura |
| 650 #7 - SUBJECT ADDED ENTRY--TOPICAL TERM |
| Source of heading or term |
armarc |
| Topical term or geographic name entry element |
Biblia en la literatura |
| 650 #7 - SUBJECT ADDED ENTRY--TOPICAL TERM |
| Source of heading or term |
armarc |
| Topical term or geographic name entry element |
Cristianismo en la literatura |
| 650 #7 - SUBJECT ADDED ENTRY--TOPICAL TERM |
| Source of heading or term |
armarc |
| Topical term or geographic name entry element |
Teología dogmática en la literatura |
| 650 #7 - SUBJECT ADDED ENTRY--TOPICAL TERM |
| Source of heading or term |
armarc |
| Topical term or geographic name entry element |
Gnosticismo en la literatura |
| 700 1# - ADDED ENTRY--PERSONAL NAME |
| Personal name |
Villar, Mercedes, |
| Relator term |
traductor |
| 765 1# - ORIGINAL LANGUAGE ENTRY |
| Main entry heading |
Welborn, Amy |
| Place, publisher, and date of publication |
Our Sunday Visitor, 2004 |
| Title |
De-coding Da Vinci. The facts behind the fiction The Da Vinci Code |
| 942 ## - ADDED ENTRY ELEMENTS (KOHA) |
| Source of classification or shelving scheme |
Dewey Decimal Classification |
| Koha item type |
Libro |
| Classification part |
813.54 |
| Item part |
W4318 |
| 260 ## - PUBLICATION, DISTRIBUTION, ETC. |
| Place of publication, distribution, etc. |
|
| Name of publisher, distributor, etc. |
|
| Date of publication, distribution, etc. |
|